000 00652nam a22002177a 4500
003 UA-OsUOA
001 105160
007 ta
008 20140211b un ||||| |||| 00| 0 ukr d
100 _aШелехань О.В.
090 _a902
_bШ42
942 _cSA
040 _aUA-OsUOA
_bukr
_cUA-OsUOA
_dUA-OsUOA
245 _aДо питання про форму перехрестя клинкової зброї скіфського часу
300 _aС.41-55
955 _a0
041 _aukr
080 _a902
773 0 _w105157
_tАрхеологія
_dК.
_d2013
_g4
650 7 _a9 Географія. Біографії. Історія
_2UDC
999 _c391364
_d391364